| 000 | 01181nam a2200313 i 4500 | ||
|---|---|---|---|
| 003 | DO-SdBNP | ||
| 005 | 20231009080610.0 | ||
| 006 | a||||gr|||| 00| 0 | ||
| 007 | ta | ||
| 008 | 231006e2013 gt ||||| |||| 00| f spa d | ||
| 020 | _a9789929552746 | ||
| 040 |
_aDO-SdBNP _bspa _cBNPHU _erda |
||
| 082 | 4 |
_222 _bA859v |
|
| 100 | 1 |
_aAsturias, Miguel Ángel, _d1899-1974 _95391 _eautor |
|
| 245 | 1 | 0 |
_aViernes de dolores./ _bMiguel Ángel Asturias; cuidado de la edición, José Luis Perdomo Orellana y Raúl Figueroa Sarti |
| 264 |
_aGuatemala, _bF&G Editores, _c2013 |
||
| 300 |
_a349 páginas ; _c20 cm. |
||
| 336 |
_2rdacontent _atexto _btxt |
||
| 337 |
_2rdamedia _asin mediación _bn |
||
| 338 |
_2rdacarrier _avolumen _bnc |
||
| 490 |
_aBiblioteca Miguel Ángel Asturias ; _v4 |
||
| 500 | _aIncluye datos biográficos del autor en las solapas de las cubiertas. | ||
| 500 | _aIlustración de portada Choloj. Óleo sobre tela, 40.6 x 50.8 C. Gardena CA 2011 | ||
| 586 | _aPremio Nobel de Literatura, 1967 | ||
| 590 | _aInventariado 2023 / MF | ||
| 700 | 1 |
_aPerdomo Orellana, José Luis, _eeditor _969116 |
|
| 700 | 1 |
_aFigueroa Sarti, Raúl, _eeditor _984406 |
|
| 942 |
_2ddc _cLBS1 |
||
| 999 |
_c55100 _d55100 |
||